Selected Essays of James Anthony Froude / (Record no. 186826)

000 -LEADER
fixed length control field 00608 a2200169 4500
003 - CONTROL NUMBER IDENTIFIER
control field Nust
005 - DATE AND TIME OF LATEST TRANSACTION
control field 20230328122350.0
040 ## - CATALOGING SOURCE
Transcribing agency Nust
082 ## - DEWEY DECIMAL CLASSIFICATION NUMBER
Classification number 808.82,FRO
100 ## - MAIN ENTRY--PERSONAL NAME
Personal name Rawlinson, H.G.
9 (RLIN) 111510
245 ## - TITLE STATEMENT
Title Selected Essays of James Anthony Froude /
Statement of responsibility, etc. H. G Rawlinson
260 ## - PUBLICATION, DISTRIBUTION, ETC.
Place of publication, distribution, etc. New York
Date of publication, distribution, etc. 1945
300 ## - PHYSICAL DESCRIPTION
Extent 176:p
505 ## - FORMATTED CONTENTS NOTE
Formatted contents note Introduction life of Froude (Page-1), The Science of History (Page-70), Education (Page-38), Scientific Method Applied to History (Page-71), On Progress (Page-100), On Progress (Page-120), Representative Men (Page-137).
650 ## - SUBJECT ADDED ENTRY--TOPICAL TERM
Topical term or geographic name entry element Essays
9 (RLIN) 56300
942 ## - ADDED ENTRY ELEMENTS (KOHA)
Source of classification or shelving scheme
Koha item type Book
Holdings
Withdrawn status Lost status Source of classification or shelving scheme Damaged status Not for loan Permanent Location Current Location Shelving location Date acquired Full call number Barcode Date last seen Price effective from Koha item type Public note
          Military College of Signals (MCS) Military College of Signals (MCS) General Stacks 12/12/2016 808.82,FRO MCS29899 12/08/2016 12/12/2016 Book Almirah No.75, Shelf No.3
© 2023 Central Library, National University of Sciences and Technology. All Rights Reserved.